[Event "Horst Emscher- Aachen 2"]
[Site "?"]
[Date "2023.09.03"]
[Round "1.1"]
[White "Meessen, Rudolf"]
[Black "Kotter, Ralf"]
[Result "1-0"]
[WhiteElo "2109"]
[BlackElo "2354"]
[PlyCount "113"]
[EventDate "2023.??.??"]
[SourceVersionDate "2023.09.04"]

1. d4 Nf6 2. Nc3 d5 3. Bf4 a6 4. e3 e6 5. g4 Bb4 6. Nge2 Ne4 7. a3 Nxc3 8. Nxc3 Bd6 9. Qf3 h6 10. h4 Bxf4 11. Qxf4 Qd6 12. Qxd6 cxd6 13. O-O-O Nd7 14. Bg2 Nb6 15. g5 Bd7 16. f4 Nc4 17. Rde1 O-O-O 18. a4 hxg5 19. fxg5 g6 20. b3 Nb6 21. a5 Na8 22. Ref1 Rh7 23. e4 dxe4 24. Bxe4 Be8 25. d5 e5 26. Rf6 Kd7 27. Ne2 Ke7 28. Ng3 Rh8 29. h5 Nc7 30. c4 Bd7 31. hxg6 Rxh1+ 32. Nxh1 fxg6 33. Rxg6 Rh8 34. Ng3 Ne8 35. Rh6 Rg8 36. g6 Nf6 37. Bf5 Be8 38. Be6 Rxg6 39. Nf5+ Kd8 40. Rxg6 Bxg6 41. Nxd6 Kc7 42. Nf7 Bxf7 43. Bxf7 b6 44. axb6+ Kxb6 45. b4 Ne4 46. Bg6 Nf6 47. Bf7 Ne4 48. d6 Nf6 49. Be8 Ne4 50. c5+ Kb7 51. Kc2 a5 52. Bg6 Ng5 53. b5 Ne6 54. c6+ Kb6 55. c7 Nxc7 56. dxc7 Kxc7 57. Kb3 1-0

[Event "Horst Emscher- Aachen 2"]
[Site "?"]
[Date "2023.09.03"]
[Round "1.2"]
[White "Baerwolf, Steven"]
[Black "Coenen, Norbert"]
[Result "1-0"]
[WhiteElo "2220"]
[BlackElo "2254"]
[PlyCount "53"]
[EventDate "2023.??.??"]
[SourceVersionDate "2023.09.04"]

1. e4 c5 2. Nf3 e6 3. c3 d5 4. exd5 Qxd5 5. d4 Nf6 6. Bd3 cxd4 7. cxd4 Nc6 8. O-O Be7 9. Nc3 Qd6 10. Bg5 O-O 11. Qd2 Rd8 12. Bf4 Qd7 13. Rad1 b6 14. Ne5 Qe8 15. Nb5 Nd5 16. Nxc6 Qxc6 17. Rc1 Qb7 18. Nc7 Nxf4 19. Qxf4 Bd6 20. Qh4 Bxc7 21. Qxh7+ Kf8 22. Be4 Rd5 23. Bxd5 exd5 24. Rfe1 Be6 25. Rxc7 Qxc7 26. Qh8+ Ke7 27. Qxa8 1-0

[Event "Horst Emscher- Aachen 2"]
[Site "?"]
[Date "2023.09.03"]
[Round "1.3"]
[White "Ngo, Quang Thai"]
[Black "Rebentisch, Tom"]
[Result "1/2-1/2"]
[WhiteElo "2023"]
[BlackElo "2155"]
[PlyCount "72"]
[EventDate "2023.??.??"]
[SourceVersionDate "2023.09.04"]

1. d4 d5 2. c4 e6 3. Nf3 Nf6 4. Nc3 Be7 5. Bf4 O-O 6. e3 c6 7. c5 b6 8. b4 a5 9. a3 Ne4 10. Nxe4 dxe4 11. Ne5 b5 12. Ng4 e5 13. Bxe5 h5 14. Bxb8 Bxg4 15. f3 exf3 16. gxf3 Qxb8 17. fxg4 Bh4+ 18. Kd2 Re8 19. Qf3 axb4 20. Bd3 bxa3 21. Raf1 Qc7 22. gxh5 Bg5 23. Qf5 Bxe3+ 24. Kc2 Kf8 25. h6 Bxh6 26. Qh7 Qa5 27. Rxf7+ Kxf7 28. Qg6+ Kg8 29. Qh7+ Kf8 30. Qf5+ Ke7 31. Qe5+ Kf7 32. Qf5+ Kg8 33. Qh7+ Kf8 34. Qf5+ Ke7 35. Qe5+ Kf7 36. Qf5+ Ke7 1/2-1/2

[Event "Horst Emscher- Aachen 2"]
[Site "?"]
[Date "2023.09.03"]
[Round "1.4"]
[White "De Roda Husman, Juan"]
[Black "Bodicky, Michal"]
[Result "1/2-1/2"]
[WhiteElo "2250"]
[BlackElo "2172"]
[PlyCount "48"]
[EventDate "2023.??.??"]
[SourceVersionDate "2023.09.04"]

1. e4 d6 2. d4 Nf6 3. Nc3 e5 4. Nf3 Nbd7 5. Rg1 g6 6. g4 exd4 7. Nxd4 Bg7 8. g5 Nxe4 9. Nxe4 Qe7 10. Bg2 d5 11. Be3 dxe4 12. Qe2 O-O 13. O-O-O Qe5 14. c3 Nc5 15. Qc4 Nd3+ 16. Kb1 Nf4 17. Bh1 c5 18. Nc2 Bf5 19. Qxc5 Nd3 20. Qxe5 Bxe5 21. Rg2 Nf4 22. Rgg1 Nh3 23. Rg2 Nf4 24. Rgg1 Nh3 1/2-1/2

[Event "Horst Emscher- Aachen 2"]
[Site "?"]
[Date "2023.09.03"]
[Round "1.5"]
[White "Lamby, Philipp"]
[Black "Kroeger, Fabian"]
[Result "1-0"]
[WhiteElo "2176"]
[BlackElo "2192"]
[PlyCount "53"]
[EventDate "2023.??.??"]
[SourceVersionDate "2023.09.04"]

1. e4 c5 2. c3 Nf6 3. e5 Nd5 4. d4 cxd4 5. Nf3 d6 6. Bc4 Nb6 7. Bb3 e6 8. cxd4 Bd7 9. O-O Bc6 10. Nc3 Be7 11. Bf4 O-O 12. Qe2 Bxf3 13. Qxf3 Nc6 14. Rad1 dxe5 15. dxe5 Qb8 16. Rfe1 Rd8 17. Qe4 Nd7 18. Bc2 g6 19. Nb5 Nc5 20. Qc4 Nd7 21. Qe2 Nb4 22. Bb3 Nb6 23. Nd6 N6d5 24. Bg3 Nb6 25. Qf3 Bxd6 26. exd6 Nd7 27. Rxe6 1-0

[Event "Horst Emscher- Aachen 2"]
[Site "?"]
[Date "2023.09.03"]
[Round "1.6"]
[White "De Mie, Mariska"]
[Black "Huesmann, Thomas"]
[Result "0-1"]
[WhiteElo "2092"]
[BlackElo "2106"]
[PlyCount "114"]
[EventDate "2023.??.??"]
[SourceVersionDate "2023.09.04"]

1. e4 e5 2. Nc3 Nf6 3. g3 d5 4. exd5 Nxd5 5. Bg2 Nxc3 6. bxc3 Nc6 7. Nf3 Bc5 8. O-O O-O 9. Re1 Bg4 10. h3 Bh5 11. Rb1 Bb6 12. Ba3 Re8 13. d3 f5 14. Qd2 h6 15. Nh2 Qf6 16. Kh1 Rad8 17. Nf1 e4 18. d4 Qf7 19. Qc1 g5 20. Nd2 Qd7 21. Nc4 Bf7 22. Nxb6 axb6 23. h4 Ra8 24. hxg5 e3 25. Rxe3 Rxe3 26. fxe3 hxg5 27. e4 f4 28. gxf4 gxf4 29. Rb5 Qg4 30. Bb2 Ra5 31. Rxa5 Nxa5 32. Qf1 Nc4 33. Bc1 Ne3 34. Bh3 Qg3 35. Qg1 Qxg1+ 36. Kxg1 Bxa2 37. Kf2 Bb1 38. Kf3 Bxc2 39. Kxf4 Nd1 40. Bd2 b5 41. Bc8 b6 42. Bd7 Bd3 43. Ke5 Kf7 44. Be6+ Ke8 45. Bd5 Kd7 46. Kf6 Nf2 47. e5 Ne4+ 48. Kf7 Nxd2 49. e6+ Kd6 50. e7 Bg6+ 51. Kxg6 Kxe7 52. Bc6 Nb1 53. Bxb5 Nxc3 54. Bc4 b5 55. Bb3 Ne2 56. d5 Kd6 57. Kf5 Nd4+ 0-1

[Event "Horst Emscher- Aachen 2"]
[Site "?"]
[Date "2023.09.03"]
[Round "1.7"]
[White "Breitkopf- Lazar, Patrick"]
[Black "Becker, Marco"]
[Result "1-0"]
[WhiteElo "1672"]
[BlackElo "1933"]
[PlyCount "51"]
[EventDate "2023.??.??"]
[SourceVersionDate "2023.09.04"]

1. e4 c6 2. d4 d5 3. Nc3 dxe4 4. Nxe4 Nf6 5. Nxf6+ exf6 6. c3 Bd6 7. Bd3 O-O 8. Qc2 Re8+ 9. Ne2 h5 10. O-O Nd7 11. Ng3 Qc7 12. Nxh5 Bxh2+ 13. Kh1 Bd6 14. Bh6 Bf8 15. Bc4 f5 16. Qxf5 Ne5 17. Qf4 Be6 18. Qg3 Bg4 19. Bxg7 Bxg7 20. Nxg7 Kxg7 21. dxe5 Rh8+ 22. Kg1 Rag8 23. Qxg4+ Kf8 24. Qf5 Rh4 25. Rfd1 Rhg4 26. Rd8+ 1-0

[Event "Horst Emscher- Aachen 2"]
[Site "?"]
[Date "2023.09.03"]
[Round "1.8"]
[White "Goeldenboog, Juergen"]
[Black "Jablonowski, Christoph"]
[Result "0-1"]
[WhiteElo "1942"]
[BlackElo "1961"]
[PlyCount "52"]
[EventDate "2023.??.??"]
[SourceVersionDate "2023.09.04"]

1. d4 Nf6 2. c4 g6 3. Nc3 Bg7 4. e4 d6 5. f4 O-O 6. Nf3 c5 7. d5 e6 8. Be2 exd5 9. cxd5 Nbd7 10. e5 dxe5 11. fxe5 Ng4 12. Bg5 f6 13. exf6 Bxf6 14. Qd2 Bxg5 15. Nxg5 Nde5 16. h3 Nh6 17. O-O-O Nf5 18. Rhf1 Nd4 19. Rxf8+ Qxf8 20. Rf1 Qg7 21. g4 Bd7 22. Nce4 Rf8 23. Rxf8+ Qxf8 24. Qe3 Qf4 25. Kd2 Nxe2 26. Kxe2 Bb5+ 0-1

[Event "Oberhausen- Krefeld"]
[Site "?"]
[Date "2023.09.03"]
[Round "1.2"]
[White "Voge, Andreas"]
[Black "Ricken, Katharina"]
[Result "0-1"]
[WhiteElo "2052"]
[BlackElo "2150"]
[PlyCount "78"]
[EventDate "2023.??.??"]
[SourceVersionDate "2023.09.04"]

1. e4 e6 2. d3 d5 3. Nd2 Nf6 4. Ngf3 g6 5. g3 Bg7 6. Bg2 O-O 7. O-O c5 8. Re1 Nc6 9. c3 a5 10. Qc2 a4 11. a3 b6 12. Nf1 Bb7 13. e5 Ng4 14. Bf4 f6 15. exf6 Qxf6 16. h3 Nh6 17. Ne5 Nxe5 18. Bxe5 Qf5 19. Bxg7 Kxg7 20. f4 c4 21. Re5 cxd3 22. Qf2 Qxe5 23. fxe5 Rxf2 24. Kxf2 Rf8+ 25. Kg1 Rf5 26. c4 Rxe5 27. Rd1 Ba6 28. cxd5 exd5 29. Rc1 Bc4 30. Bf3 Nf5 31. Kf2 Nd4 32. Ne3 b5 33. g4 Kf6 34. Rd1 Nxf3 35. Kxf3 d4 36. Nf1 Re2 37. Nd2 Ke5 38. Kg3 Re3+ 39. Kf2 Kf4 0-1

[Event "Oberhausen- Krefeld"]
[Site "?"]
[Date "2023.09.03"]
[Round "1.3"]
[White "Hopman, Pieter"]
[Black "Hort, Vlastimil"]
[Result "1/2-1/2"]
[WhiteElo "2307"]
[BlackElo "2325"]
[PlyCount "22"]
[EventDate "2023.??.??"]
[SourceVersionDate "2023.09.04"]

1. d4 Nf6 2. c4 e6 3. Nc3 Bb4 4. Qc2 c5 5. dxc5 Bxc5 6. Nf3 Nc6 7. e3 O-O 8. b3 d5 9. Be2 b6 10. O-O dxc4 11. Bxc4 Bb7 1/2-1/2

[Event "Oberhausen- Krefeld"]
[Site "?"]
[Date "2023.09.03"]
[Round "1.4"]
[White "Alkhazashvili, Ololi"]
[Black "Kabos, Tobias"]
[Result "0-1"]
[WhiteElo "2197"]
[BlackElo "2279"]
[PlyCount "44"]
[EventDate "2023.??.??"]
[SourceVersionDate "2023.09.04"]

1. e4 c6 2. d4 d5 3. e5 Bf5 4. Nf3 e6 5. Be2 c5 6. O-O Nc6 7. c3 h6 8. dxc5 Bxc5 9. b4 Bb6 10. b5 Na5 11. Nd4 Ne7 12. Ba3 Rc8 13. Bxe7 Qxe7 14. Nxf5 exf5 15. Qxd5 O-O 16. Bd3 Rc5 17. Qd6 Qg5 18. h4 Qxh4 19. Bxf5 Rd8 20. Bd7 Nc4 21. Qd3 Qe7 22. Rd1 Nxe5 0-1

[Event "Oberhausen- Krefeld"]
[Site "?"]
[Date "2023.09.03"]
[Round "1.5"]
[White "van Mil, Lucas"]
[Black "Mancic, Ivan"]
[Result "1-0"]
[WhiteElo "2145"]
[BlackElo "2136"]
[PlyCount "43"]
[EventDate "2023.??.??"]
[SourceVersionDate "2023.09.04"]

1. d4 Nf6 2. Bf4 b6 3. e3 Bb7 4. Nd2 e6 5. Ngf3 Be7 6. h3 O-O 7. Bd3 d5 8. O-O c5 9. c3 Nbd7 10. Ne5 Rc8 11. Re1 c4 12. Bc2 b5 13. a3 a5 14. Qf3 Nb6 15. g4 Ne8 16. Qg2 f6 17. Nef3 Bd6 18. g5 Rc7 19. Qg3 Rcf7 20. Bxh7+ Kxh7 21. g6+ Kg8 22. Qh4 1-0

[Event "Oberhausen- Krefeld"]
[Site "?"]
[Date "2023.09.03"]
[Round "1.6"]
[White "Nissen, Claus"]
[Black "Panjer, Sidney"]
[Result "1-0"]
[WhiteElo "2134"]
[BlackElo "2091"]
[PlyCount "145"]
[EventDate "2023.??.??"]
[SourceVersionDate "2023.09.04"]

1. Nf3 d5 2. c4 e6 3. d4 Nf6 4. Nc3 Be7 5. Bg5 h6 6. Bxf6 Bxf6 7. e3 O-O 8. Rc1 dxc4 9. Bxc4 Nd7 10. b4 c6 11. O-O e5 12. Bb3 exd4 13. exd4 Nb6 14. Ne5 Nd5 15. Nxd5 cxd5 16. Qh5 Be6 17. Rfd1 Qb6 18. Rb1 Rac8 19. f4 Kh7 20. Kh1 g6 21. Qf3 Bf5 22. Rb2 Be4 23. Qf2 Rc7 24. h3 Rfc8 25. Kh2 Kg7 26. Rdd2 h5 27. a3 a5 28. Ba4 Qd6 29. bxa5 Qxa3 30. Ra2 Qd6 31. Bb5 Rc1 32. a6 bxa6 33. Rxa6 Qb8 34. Rxf6 Qxb5 35. Rxf7+ Kg8 36. f5 Qb1 37. fxg6 Rh1+ 38. Kg3 Rc3+ 39. Kh4 Bxg6 40. Rf8+ Kh7 41. Nxg6 Qxg6 42. Qf5 Qxf5 43. Rxf5 Re1 44. Rxd5 Kg6 45. Re5 Rf1 46. Rg5+ Kf6 47. Kxh5 Rf4 48. Rg4 Rf5+ 49. Kh4 Rd5 50. Rf2+ Ke6 51. Re4+ Kd6 52. g4 Rc8 53. g5 Rh8+ 54. Kg4 Ra5 55. h4 Ra1 56. Rg2 Kd5 57. Rf4 Rh1 58. Kg3 Re8 59. g6 Rg8 60. Kf2 Ra1 61. h5 Rh1 62. Rg5+ Kd6 63. Kg2 Rb1 64. h6 Rb2+ 65. Kg3 Rb1 66. h7 Rh8 67. Kg4 Rg1+ 68. Kf5 Rf8+ 69. Ke4 Re1+ 70. Kd3 Rfe8 71. Re5 R1xe5 72. dxe5+ Ke6 73. g7 1-0

[Event "Oberhausen- Krefeld"]
[Site "?"]
[Date "2023.09.03"]
[Round "1.7"]
[White "Van der Valk, Niklas"]
[Black "Krueger, Andre"]
[Result "1/2-1/2"]
[WhiteElo "2081"]
[BlackElo "1929"]
[PlyCount "81"]
[EventDate "2023.??.??"]
[SourceVersionDate "2023.09.04"]

1. e4 c5 2. Nf3 e6 3. d4 cxd4 4. Nxd4 Nf6 5. Nc3 Nc6 6. Nxc6 bxc6 7. e5 Nd5 8. Ne4 Bb7 9. Be2 f5 10. Nd6+ Bxd6 11. exd6 c5 12. O-O O-O 13. c4 Nb6 14. f4 Qf6 15. a4 Be4 16. a5 Nc8 17. Be3 Qxb2 18. Bxc5 Qb7 19. Bf3 a6 20. Qd4 Bxf3 21. Rxf3 Na7 22. Rg3 Rf7 23. Bb6 Nc6 24. Qc3 Qc8 25. Re1 Rb8 26. Rg5 h6 27. Rg3 Kh7 28. Rf3 Qf8 29. Rd3 Rf6 30. Kh1 Rg6 31. Rd2 Qc8 32. Rb2 Nd8 33. Bc7 Rxb2 34. Qxb2 Rg4 35. g3 g5 36. fxg5 Rxg5 37. Rb1 Nc6 38. Qf6 Rg6 39. Qf7+ Rg7 40. Qf6 Rg6 41. Qf7+ 1/2-1/2

[Event "Nienberge- Düsseldorf 2"]
[Site "?"]
[Date "2023.09.03"]
[Round "1.1"]
[White "De Gleria, Francesco"]
[Black "Mikeladze, Berdia"]
[Result "1-0"]
[WhiteElo "2368"]
[BlackElo "2143"]
[PlyCount "91"]
[EventDate "2023.??.??"]
[SourceVersionDate "2023.09.04"]

1. d4 d5 2. Bf4 e6 3. e3 Bd6 4. Nf3 Nf6 5. c3 O-O 6. Nbd2 Bxf4 7. exf4 Qd6 8. Ne5 b6 9. Bd3 c5 10. O-O Ba6 11. Bxa6 Nxa6 12. Qa4 b5 13. Qxb5 cxd4 14. cxd4 Rfb8 15. Qd3 Nb4 16. Qb3 Ne4 17. Qd1 Rc8 18. Nb3 f6 19. a3 Nc2 20. Rc1 Nxa3 21. bxa3 fxe5 22. dxe5 Qb6 23. Nd2 Nxd2 24. Qxd2 Rc4 25. f5 Rf8 26. Rxc4 dxc4 27. fxe6 Re8 28. Qd5 Qxe6 29. Qxe6+ Rxe6 30. f4 Rc6 31. Kf2 g5 32. g3 gxf4 33. gxf4 Kf7 34. Ke3 Ra6 35. Kd4 Ra4 36. Kc3 Rxa3+ 37. Kxc4 Ra2 38. Kd5 Rd2+ 39. Ke4 Re2+ 40. Kf5 Rxh2 41. Ra1 Rh5+ 42. Ke4 Rh4 43. Rxa7+ Ke6 44. Rb7 h6 45. Rh7 Rh5 46. f5+ 1-0

[Event "Nienberge- Düsseldorf 2"]
[Site "?"]
[Date "2023.09.03"]
[Round "1.3"]
[White "Von Buenau, Heinrich"]
[Black "Gottkehaskamp, Philipp"]
[Result "1-0"]
[WhiteElo "2187"]
[BlackElo "2053"]
[PlyCount "79"]
[EventDate "2023.??.??"]
[SourceVersionDate "2023.09.04"]

1. d4 d5 2. Nf3 Nc6 3. Bf4 Bg4 4. e3 e6 5. h3 Bxf3 6. Qxf3 Bd6 7. a3 a6 8. Nd2 Qf6 9. Bxd6 Qxf3 10. Nxf3 cxd6 11. c4 dxc4 12. Bxc4 d5 13. Bd3 Nf6 14. Ke2 Ke7 15. Rac1 Rac8 16. Rc2 Na7 17. Rhc1 Rxc2+ 18. Rxc2 Rc8 19. Rxc8 Nxc8 20. Nd2 Nd6 21. f3 Nd7 22. Nb1 b5 23. b3 Nb8 24. Kd2 Nc6 25. Nc3 h6 26. Na2 f6 27. Nc3 g5 28. Ne2 e5 29. Nc3 Ke6 30. e4 exd4 31. exd5+ Ke5 32. dxc6 dxc3+ 33. Kxc3 Ne8 34. Kb4 Kd6 35. Ka5 Nc7 36. Kb6 h5 37. Bg6 h4 38. Be4 a5 39. Kxa5 f5 40. Bxf5 1-0

[Event "Nienberge- Düsseldorf 2"]
[Site "?"]
[Date "2023.09.03"]
[Round "1.4"]
[White "Ringwelski, Marius"]
[Black "Klaska, Philipp"]
[Result "1/2-1/2"]
[WhiteElo "2000"]
[BlackElo "2032"]
[PlyCount "29"]
[EventDate "2023.??.??"]
[SourceVersionDate "2023.09.04"]

1. d4 Nf6 2. c4 c5 3. e3 g6 4. Nf3 Bg7 5. Be2 cxd4 6. exd4 d5 7. O-O O-O 8. h3 dxc4 9. Bxc4 b6 10. Nc3 Ba6 11. Bxa6 Nxa6 12. Qa4 Nc7 13. Bf4 Nfd5 14. Nxd5 Nxd5 15. Be5 1/2-1/2

[Event "Nienberge- Düsseldorf 2"]
[Site "?"]
[Date "2023.09.03"]
[Round "1.5"]
[White "Mueller, Michael"]
[Black "Emiroglu, Murat"]
[Result "0-1"]
[WhiteElo "2204"]
[BlackElo "2142"]
[PlyCount "56"]
[EventDate "2023.??.??"]
[SourceVersionDate "2023.09.04"]

1. e4 d5 2. Nc3 dxe4 3. Nxe4 e5 4. Bc4 Nc6 5. d3 Be7 6. Nf3 Nf6 7. Qe2 O-O 8. h3 Nd4 9. Nxd4 Qxd4 10. Ng5 Bb4+ 11. Kf1 Bd6 12. c3 Qb6 13. Be3 Qc6 14. d4 Qe8 15. Re1 h6 16. Nxf7 Rxf7 17. Bxf7+ Qxf7 18. dxe5 Bxe5 19. Bxh6 Bd6 20. Bg5 Bd7 21. Qf3 Bc6 22. Qd3 Nh5 23. Kg1 Rf8 24. Qd2 Nf4 25. Bxf4 Bxf4 26. Qe2 Qxa2 27. h4 Qd5 28. f3 Bg3 0-1

[Event "Nienberge- Düsseldorf 2"]
[Site "?"]
[Date "2023.09.03"]
[Round "1.6"]
[White "Kemper, Georg"]
[Black "Wiedenbruch, Paul"]
[Result "0-1"]
[WhiteElo "2006"]
[BlackElo "1998"]
[PlyCount "68"]
[EventDate "2023.??.??"]
[SourceVersionDate "2023.09.04"]

1. d4 Nf6 2. c4 g6 3. f3 Bg7 4. e4 d6 5. Bd3 O-O 6. Ne2 c5 7. Be3 Nc6 8. Qd2 Qb6 9. dxc5 dxc5 10. Nbc3 Rd8 11. Na4 Qc7 12. Rd1 b6 13. Nac3 Nb4 14. Nc1 Ba6 15. b3 Rd7 16. Nd5 Nfxd5 17. exd5 Re8 18. Be2 e6 19. a3 Nc6 20. O-O Red8 21. Bg5 f6 22. Bf4 Qc8 23. Qe3 Nd4 24. dxe6 Re7 25. Bd3 Rxe6 26. Qf2 f5 27. Qh4 Rde8 28. g4 fxg4 29. Qxg4 Bb7 30. Bd2 Qa8 31. f4 Nf3+ 32. Kf2 Nxd2 33. Rxd2 Bd4+ 34. Kg3 Re3+ 0-1

[Event "Nienberge- Düsseldorf 2"]
[Site "?"]
[Date "2023.09.03"]
[Round "1.7"]
[White "Partenheimer, Axel"]
[Black "Haas, Kai"]
[Result "1-0"]
[WhiteElo "2117"]
[BlackElo "1978"]
[PlyCount "59"]
[EventDate "2023.??.??"]
[SourceVersionDate "2023.09.04"]

1. Nf3 g6 2. d4 Bg7 3. g3 d6 4. Bg2 Nd7 5. c4 e5 6. Nc3 Ngf6 7. O-O O-O 8. e4 Re8 9. d5 h6 10. Ne1 Kh7 11. h3 Nb6 12. b3 Bd7 13. Be3 Qe7 14. Nd3 Ng8 15. Qd2 h5 16. Rae1 Bh6 17. f4 exf4 18. Bxf4 f6 19. Qf2 Rad8 20. Ne2 Rf8 21. Nd4 a6 22. Bxh6 Nxh6 23. Nf4 Rf7 24. Nde6 Rc8 25. Qc2 Bxe6 26. dxe6 Rff8 27. e5 Nf5 28. Nxg6 Kxg6 29. Qxf5+ Kg7 30. Be4 1-0

[Event "Nienberge- Düsseldorf 2"]
[Site "?"]
[Date "2023.09.03"]
[Round "1.8"]
[White "Keller, Dirk"]
[Black "Zimmermann, Rolf"]
[Result "0-1"]
[WhiteElo "1957"]
[BlackElo "2058"]
[PlyCount "82"]
[EventDate "2023.??.??"]
[SourceVersionDate "2023.09.04"]

1. c4 c5 2. g3 g6 3. Bg2 Bg7 4. Nc3 Nc6 5. e4 e6 6. Nge2 Nge7 7. d3 b6 8. Be3 Bb7 9. d4 d6 10. Qd2 e5 11. d5 Nd4 12. O-O f5 13. f3 Bc8 14. Rae1 Bd7 15. Bh6 O-O 16. Bg5 Bf6 17. Bh6 Rf7 18. h3 Kh8 19. Bg5 Bxg5 20. Qxg5 Kg7 21. Qd2 h6 22. b3 g5 23. exf5 Nexf5 24. Ne4 Nxe2+ 25. Rxe2 Nd4 26. Ref2 Bf5 27. f4 exf4 28. gxf4 g4 29. Qe3 Qe7 30. Re1 Re8 31. hxg4 Bxg4 32. Bh3 h5 33. Qg3 Nf5 34. Qg2 Qh4 35. Bxg4 hxg4 36. Rfe2 Nd4 37. Ng5 Qxe1+ 38. Rxe1 Rxe1+ 39. Kh2 Re2 40. Nxf7 Kxf7 41. Kg3 Rxg2+ 0-1

[Event "Bünde- Iserlohn"]
[Site "?"]
[Date "2023.09.03"]
[Round "1.1"]
[White "Scheider, Julian"]
[Black "Brunke, Pascal"]
[Result "0-1"]
[WhiteElo "2320"]
[BlackElo "2178"]
[PlyCount "96"]
[EventDate "2023.??.??"]
[SourceVersionDate "2023.09.04"]

1. e4 e6 2. d4 d5 3. Nc3 Bb4 4. Nge2 dxe4 5. a3 Bxc3+ 6. Nxc3 Nc6 7. Bb5 Nge7 8. Bg5 f6 9. Be3 O-O 10. Qd2 f5 11. O-O-O Qd6 12. Bf4 e5 13. dxe5 Qxd2+ 14. Rxd2 Be6 15. h4 a6 16. Bxc6 Nxc6 17. f3 exf3 18. gxf3 Rad8 19. Rg2 Rf7 20. h5 Bd5 21. Rg3 Nd4 22. Rd1 Bc6 23. h6 Ne6 24. Rxd8+ Nxd8 25. Kd2 Ne6 26. Ke3 g6 27. Ne2 Rd7 28. c3 Rd1 29. Nd4 Kf7 30. Nxe6 Kxe6 31. Bg5 Kxe5 32. Bf4+ Kf6 33. Bg5+ Ke6 34. Rg2 Rf1 35. Rf2 Rxf2 36. Kxf2 Kd5 37. b3 b5 38. Bf4 Bd7 39. Bxc7 g5 40. Bd8 g4 41. Kg3 Be6 42. Kf4 Kc5 43. Be7+ Kc6 44. b4 Kd5 45. Bc5 a5 46. Kg5 gxf3 47. Kf4 a4 48. Kxf3 Kc4 0-1

[Event "Bünde- Iserlohn"]
[Site "?"]
[Date "2023.09.03"]
[Round "1.2"]
[White "Nordsieck, Thomas"]
[Black "Eckardt, Joshua"]
[Result "1/2-1/2"]
[WhiteElo "2323"]
[BlackElo "2262"]
[PlyCount "75"]
[EventDate "2023.??.??"]
[SourceVersionDate "2023.09.04"]

1. c4 Nf6 2. g3 e5 3. Bg2 d5 4. cxd5 Nxd5 5. Nc3 Nb6 6. Nf3 Nc6 7. O-O Be7 8. a3 O-O 9. b4 Be6 10. d3 a5 11. b5 Nd4 12. Rb1 f6 13. Nd2 Qc8 14. e3 Nf5 15. Qc2 Nd6 16. Nce4 Nxe4 17. Nxe4 Rd8 18. Bb2 a4 19. Rbc1 Rd7 20. Nc5 Bxc5 21. Qxc5 Rxd3 22. Rfd1 Rxd1+ 23. Rxd1 Nc4 24. Bc3 Qf8 25. Qxf8+ Rxf8 26. Bb4 Rb8 27. Rc1 Rd8 28. Bxb7 Nd6 29. Bc6 Kf7 30. b6 cxb6 31. Rd1 Nb7 32. Rxd8 Nxd8 33. Bxa4 Bd5 34. Bd6 Ne6 35. h4 Bc4 36. Bc2 h5 37. Bf5 g6 38. Bxe6+ 1/2-1/2

[Event "Bünde- Iserlohn"]
[Site "?"]
[Date "2023.09.03"]
[Round "1.3"]
[White "Schulze, Marc"]
[Black "Pieper- Emden, Carsten"]
[Result "1-0"]
[WhiteElo "2205"]
[BlackElo "2242"]
[PlyCount "59"]
[EventDate "2023.??.??"]
[SourceVersionDate "2023.09.04"]

1. d4 d5 2. c4 e6 3. Nf3 Nf6 4. g3 Be7 5. Bg2 O-O 6. O-O c6 7. Nc3 Nbd7 8. Qd3 b6 9. e4 dxc4 10. Qxc4 Bb7 11. Rd1 b5 12. Qe2 b4 13. Na4 Qa5 14. Qc2 Nxe4 15. Ne5 Nxe5 16. Bxe4 Ng6 17. Nc5 Bxc5 18. dxc5 Rfd8 19. Bg5 Rxd1+ 20. Rxd1 Nf8 21. Be7 f5 22. Bd3 Re8 23. Bxf8 Rxf8 24. Bc4 Bc8 25. Rd6 Kh8 26. Bxe6 Bxe6 27. Rxe6 Qxa2 28. Rxc6 h6 29. Rd6 f4 30. c6 1-0

[Event "Bünde- Iserlohn"]
[Site "?"]
[Date "2023.09.03"]
[Round "1.4"]
[White "Brunke, Christian"]
[Black "Schmuecker, Marcus"]
[Result "1/2-1/2"]
[WhiteElo "2160"]
[BlackElo "2203"]
[PlyCount "53"]
[EventDate "2023.??.??"]
[SourceVersionDate "2023.09.04"]

1. e4 d5 2. exd5 Qxd5 3. Nc3 Qd6 4. d4 Nf6 5. Nf3 c6 6. Ne5 Nbd7 7. f4 g6 8. Bc4 e6 9. Qe2 b5 10. Bd3 b4 11. Ne4 Nxe4 12. Bxe4 Bb7 13. Be3 Bg7 14. h4 Nf6 15. Bd3 Nd5 16. Bd2 Ne7 17. h5 Nf5 18. Bxf5 gxf5 19. Be3 Qd5 20. a3 Bxe5 21. dxe5 Rg8 22. Rg1 b3 23. Rd1 Qa5+ 24. Qd2 Qxd2+ 25. Rxd2 bxc2 26. Rxc2 a5 27. Kf2 1/2-1/2

[Event "Bünde- Iserlohn"]
[Site "?"]
[Date "2023.09.03"]
[Round "1.5"]
[White "Messarius, Juergen"]
[Black "Brosig, Boris"]
[Result "0-1"]
[WhiteElo "2191"]
[BlackElo "2218"]
[PlyCount "68"]
[EventDate "2023.??.??"]
[SourceVersionDate "2023.09.04"]

1. e4 c5 2. Nf3 e6 3. d4 cxd4 4. Nxd4 Bc5 5. Nb3 Bb6 6. Bd3 Ne7 7. O-O O-O 8. c4 f5 9. Nc3 Nbc6 10. c5 Bc7 11. Nb5 f4 12. f3 Be5 13. Kh1 b6 14. cxb6 Qxb6 15. Bc4 Ba6 16. Na3 Rad8 17. Qe2 Bb7 18. g3 fxg3 19. Be3 Qc7 20. Nb5 Qb8 21. hxg3 d5 22. Bd3 a6 23. f4 axb5 24. fxe5 Nxe5 25. Bxb5 dxe4 26. Bg5 Nf5 27. Kh2 Nxg3 28. Kxg3 Nf3+ 29. Kg4 Nxg5 30. Nc5 h5+ 31. Kxh5 Qe5 32. Rxf8+ Rxf8 33. Nd7 Qf5 34. Kh4 Qh3+ 0-1

[Event "Bünde- Iserlohn"]
[Site "?"]
[Date "2023.09.03"]
[Round "1.6"]
[White "Moradi Kahlou, Benjamin"]
[Black "Glatzel, Jonas"]
[Result "0-1"]
[WhiteElo "2061"]
[BlackElo "2031"]
[PlyCount "84"]
[EventDate "2023.??.??"]
[SourceVersionDate "2023.09.04"]

1. c4 Nf6 2. g3 g6 3. Bg2 Bg7 4. Nc3 d6 5. Nf3 Nc6 6. Rb1 O-O 7. O-O e5 8. d3 Bd7 9. b4 Qc8 10. Re1 Nd4 11. b5 c6 12. Nd2 Qc7 13. e3 Ne6 14. Ba3 Rfd8 15. Qb3 Ne8 16. Rec1 Rdb8 17. h4 Kh8 18. h5 f5 19. Nf3 g5 20. Nd2 Nf6 21. Ne2 Nxh5 22. g4 fxg4 23. Ne4 c5 24. N2c3 Nf6 25. Nd5 Nxd5 26. cxd5 Nf8 27. Nxg5 Bf5 28. Bxc5 Qe7 29. Bxd6 Qxg5 30. Bxb8 Rxb8 31. e4 Bd7 32. Qa3 Ng6 33. Qd6 Rd8 34. Rc7 Bf8 35. Qxd7 Rxd7 36. Rxd7 Bc5 37. Rc7 Bb6 38. Rc8+ Kg7 39. Rb8 Qd2 40. Rxb7+ Kh6 41. Rxb6 axb6 42. Bf1 Nf4 0-1

[Event "Bünde- Iserlohn"]
[Site "?"]
[Date "2023.09.03"]
[Round "1.7"]
[White "Kuhnen, Thomas"]
[Black "Altenbernd, Jannis"]
[Result "1-0"]
[WhiteElo "2078"]
[BlackElo "1992"]
[PlyCount "137"]
[EventDate "2023.??.??"]
[SourceVersionDate "2023.09.04"]

1. e4 c5 2. Nc3 g6 3. f4 Bg7 4. Nf3 Nc6 5. Bb5 Nd4 6. Bd3 d6 7. Nxd4 cxd4 8. Ne2 e6 9. O-O Ne7 10. c3 dxc3 11. dxc3 Qb6+ 12. Kh1 O-O 13. Ng3 f5 14. Qe2 Qc7 15. Bd2 d5 16. exf5 exf5 17. Rfe1 Nc6 18. Qf3 Qf7 19. Bc2 Na5 20. Rad1 Bd7 21. b3 Nc6 22. b4 Be6 23. Bb3 Rad8 24. Re2 Rd6 25. Rde1 Rfd8 26. h3 Ne7 27. Kh2 Kh8 28. Qf2 b6 29. Re3 Ng8 30. Qe2 Re8 31. Qd3 Nf6 32. Ne2 Ne4 33. Nd4 Qg8 34. R1e2 Rc8 35. Be1 Bf7 36. Qa6 Rd7 37. Qb5 Qd8 38. Nf3 Qc7 39. g3 Qc6 40. Qxc6 Rxc6 41. Ba4 Rdc7 42. Bxc6 Rxc6 43. Ng5 Bg8 44. Nf3 Rc7 45. Nd4 a6 46. g4 fxg4 47. hxg4 Rc4 48. Rd3 Bf8 49. Kg2 Bd6 50. Kf3 Rc8 51. Bh4 Bf7 52. Be1 Rf8 53. f5 h5 54. Kg2 hxg4 55. Ne6 Re8 56. Rxe4 dxe4 57. Rxd6 gxf5 58. Ng5 Bxa2 59. Rxb6 f4 60. Rxa6 Bd5 61. c4 Bxc4 62. Bc3+ Kg8 63. Rg6+ Kf8 64. Rf6+ Kg8 65. Rxf4 Be2 66. Kf2 Bf3 67. Nxf3 gxf3 68. Ke3 Kh7 69. Be1 1-0